| 000 | 01003nam0a22002771 4500 | ||
|---|---|---|---|
| 001 | rc\3031727 | ||
| 005 | 20250806201649.0 | ||
| 035 | _a(NLR Aleph) 007172636 | ||
| 090 |
_a13432 _c13432 |
||
| 100 | _a20111002d1944 u y0rusy50 ca | ||
| 101 | 0 | _arus | |
| 102 | _aRU | ||
| 105 | _aa z ||||| | ||
| 200 | 1 |
_aПолевые бани _fинж.-майор П.И. Рябов _gПод ред. ген.-майора мед. службы, проф. Ф.Г. Кроткова _gГл. воен.-сан. упр. Красной Армии |
|
| 210 |
_aМосква _cИн-т сан. просвещения _d1944 |
||
| 215 |
_a40 с. _cил., черт. _d14 см |
||
| 300 | _aБез обл. | ||
| 700 | 1 |
_aРябов _bП.И. _gПетр Иванович |
|
| 702 | 1 |
_aКротков _bФ.Г. _4340 |
|
| 801 | 0 |
_aRU _bNLR _gpsbo |
|
| 801 | 1 |
_aRU _bELAR _2rusmarc |
|
| 852 |
_aNLR _jВ40 Г-2/494 |
||
| 942 | _cBOOK | ||
| 945 | _aРоссийская национальная библиотека | ||
| 980 | _aNB | ||
| 980 | _aBV | ||